000 00412pab a2200157 454500
008 180718b1998 xxu||||| |||| 00| 0 eng d
100 _aGoyal, Narendra
245 _aCoalition compulsions: will Vajpayee assert himself
260 _c1998
300 _ap.2-3
362 _a25 Jul
650 _aIndia - Politics and government
650 _aPolitics and government
773 _aYoung Indian
909 _a38357
999 _c38357
_d38357